00489 a2200169 450000100060000002000150000604000220002110000310004324000370007424500320011130000070014336200090015065000230015994200070018295201130018999900170030256967 a8502039164 cAnchieta - Pituba aNicolelis, Giselda Laporta10aNão se esqueçam da rosalpor10aNão se esqueçam da rosa a610 a2004 4aLiteratura juvenil cBK 00104070a91.1b91.1d2023-11-21l0oLJ 028.5 N642n NIC NAOp6736/PITr2023-11-21 18:24:33w2023-11-21yBK c56967d56967